000
00294nam a2200133Ia 4500
100
_a
Shanmugam/Sam K
942
_c
BK
654
_a
digital
245
_a
Digital and Analog communication system
260
_b
John Wiley
_c
1985
082
_a
621.382
_b
SHA
300
_a
600
546
_a
ENGLISH
999
_c
19419
_d
19419